Le Pays Basque (Record no. 154192)
[ view plain ]
| 000 -LEADER | |
|---|---|
| campo de control de longitud fija | 00732nam a22001815i 4500 |
| 001 - NÚMERO DE CONTROL | |
| campo de control | 154192 |
| 003 - IDENTIFICADOR DE NÚMERO DE CONTROL | |
| campo de control | ES-MaACL |
| 005 - FECHA Y HORA DE LA ÚLTIMA TRANSACCIÓN | |
| campo de control | 20230906205547.0 |
| 008 - DATOS DE LONGITUD FIJA--INFORMACIÓN GENERAL | |
| campo de control de longitud fija | 990315s1857 fr |||| | fre d |
| 040 ## - FUENTE DE CATALOGACIÓN | |
| Centro catalogador/agencia de origen | CCPB | B |
| Lengua de catalogación | spa |
| Centro/agencia transcriptor | CCPB | B |
| 100 0# - ENTRADA PRINCIPAL--NOMBRE DE PERSONA | |
| Nombre de persona | Michel, Francisque. |
| 9 (RLIN) | 80892 |
| 245 13 - MENCIÓN DEL TÍTULO | |
| Título | Le Pays Basque |
| Resto del título | : sa population sa langue, ses moeurs sa littérature et sa musique / |
| Mención de responsabilidad, etc. | par Francisque-Michel. |
| 260 ## - PUBLICACIÓN, DISTRIBUCIÓN, ETC. | |
| Lugar de publicación, distribución, etc. | Paris : |
| Nombre del editor, distribuidor, etc. | Librairie de Firmin Didot Frères, Fils et Cie ; |
| Lugar de publicación, distribución, etc. | Londres ; |
| -- | Edimbourg : |
| Nombre del editor, distribuidor, etc. | Williams & Norgate, |
| Fecha de publicación, distribución, etc. | 1857. |
| 300 ## - DESCRIPCIÓN FÍSICA | |
| Extensión | 547 p. ; |
| Dimensiones | 22 cm. |
| 651 #4 - PUNTO DE ACCESO ADICIONAL DE MATERIA--NOMBRE GEOGRÁFICO | |
| Nombre geográfico | País Vasco. |
| 9 (RLIN) | 137299 |
| 752 ## - ENTRADA AGREGADA--NOMBRE JERÁRQUICO DEL LUGAR | |
| País o entidad superior | Francia - |
| Ciudad | París |
| 852 ## - LOCALIZACIÓN | |
| Ubicación | ES-MaACL |
| Número de control de estantería | G-11717 |
| Nota libre | -- Enc. hol. |
| Encuadernación | -- Edic: Completar T260: (Bordeaux: G. Gonnouillon) |
| Estatus retirado | Estado de pérdida | Estado de daño | No para préstamo | Colección | Biblioteca de origen | Biblioteca actual | Ubicación en estantería | Fecha de adquisición | Fuente de adquisición | Total de préstamos | Signatura topográfica completa | Código de barras | Visto por última vez | Precio de reemplazo | Tipo de ítem Koha |
|---|---|---|---|---|---|---|---|---|---|---|---|---|---|---|---|
| Libros del s. XIX | Biblioteca del Ateneo de Madrid | Biblioteca del Ateneo de Madrid | Sala Pecera Planta 3 | 17/01/2008 | G-11717 | 1161231 | 23/02/2023 | 23/02/2023 | Libro impreso antiguo |
